Maliar Martin Benka ...

Fotografia zobrazuje maliara Martina Benku so synovcom Teodorom Šumom na návšteve v Belehrade

Bibliographic Details
Format: Article
Language:Slovak
Subjects:

MARC

LEADER 00000nab a22000001a 4500
001 vtls008992848
003 SK-MaSNL
005 20260521024411.0
008 070525d193505 xo |r|p|||| |000 b|slo
015 |a SNBRRBVU1918-1938 
038 |a SNKBUCL 
038 |a SNKBUVU 
040 |a SNKBUVU  |b slo  |c SNKBUCL  |e AACR2 
041 0 |a slo 
044 |a xo  |c SK 
080 |a 75.071.1  |2 1997 
080 |a 929 Benka, Martin  |2 1997 
245 0 0 |a Maliar Martin Benka ... 
520 |a Fotografia zobrazuje maliara Martina Benku so synovcom Teodorom Šumom na návšteve v Belehrade 
600 1 7 |a Benka, Martin,  |d 1888-1971  |2 MM  |9 100354 
651 7 |a Belehrad (Srbsko)  |2 snkbucl  |9 145815 
655 7 |a fotografie  |2 MM  |9 70713 
773 0 |t Elán  |g Roč. 5, č. 9 (1935), s. 6 
852 |a SNK  |b KIS3GCP 
910 |a snkrbvumm 
958 |a VY 
999 |c 3243622  |d 3245552